Les oeuvres périscolaires (Record no. 178996)

MARC details
000 -LEADER
campo de control de longitud fija 00820nam a2200205 i 4500
001 - NÚMERO DE CONTROL
campo de control 178996
003 - IDENTIFICADOR DE NÚMERO DE CONTROL
campo de control ES-MaACL
005 - FECHA Y HORA DE LA ÚLTIMA TRANSACCIÓN
campo de control 20251003165700.0
008 - DATOS DE LONGITUD FIJA--INFORMACIÓN GENERAL
campo de control de longitud fija 110817s1913 fr |||| | fre d
245 04 - MENCIÓN DEL TÍTULO
Título Les oeuvres périscolaires
Resto del título : leçons professées à l'Ecole des Hautes Études Sociales / par le Dr. Calmette [et al.] ; recueillies et annotées par Louis Bougie.
260 ## - PUBLICACIÓN, DISTRIBUCIÓN, ETC.
Lugar de publicación, distribución, etc. Paris :
Nombre del editor, distribuidor, etc. Félix Alcan,
Fecha de publicación, distribución, etc. 1913.
300 ## - DESCRIPCIÓN FÍSICA
Extensión IV, 284 p. ;
Dimensiones 22 cm.
490 1# - MENCIÓN DE SERIE
Mención de serie Bibliothèque générale des sciences sociales ;
Designación de volumen o secuencia 44
650 #4 - PUNTO DE ACCESO ADICIONAL DE MATERIA--TÉRMINO DE MATERIA
Término de materia o nombre geográfico como elemento de entrada Higiene escolar.
9 (RLIN) 147625
700 1# - ENTRADA AGREGADA--NOMBRE PERSONAL
Nombre de persona Bougier, Louis Sylvestre (
Fechas asociadas al nombre 1851-)
9 (RLIN) 147626
700 1# - ENTRADA AGREGADA--NOMBRE PERSONAL
Nombre de persona Calmette, Albert,
Fechas asociadas al nombre 1863-1933
9 (RLIN) 33766
830 00 - PUNTO DE ACCESO ADICIONAL DE SERIE-TÍTULO UNIFORME
Título uniforme Bibliothèque générale des sciences sociales
Designación de volumen o secuencia 44
9 (RLIN) 187778
852 ## - LOCALIZACIÓN
Ubicación ES-MaACL
Número de control de estantería C-23123
Holdings
Estatus retirado Estado de pérdida Estado de daño No para préstamo Biblioteca de origen Biblioteca actual Ubicación en estantería Fecha de adquisición Fuente de adquisición Total de préstamos Signatura topográfica completa Código de barras Visto por última vez Precio de reemplazo Tipo de ítem Koha
        Biblioteca del Ateneo de Madrid Biblioteca del Ateneo de Madrid Depósito 2 17/08/2011     C-23123 1188023 23/02/2023 23/02/2023 Libro impreso